Atlas geográfico y físico del reino de la Nueva España (Record no. 44)

MARC details
000 -CABECERA
campo de control de longitud fija 01033nam a2200253 a 4500
001 - NÚMERO DE CONTROL
campo de control BRCA_44
005 - FECHA Y HORA DE LA ÚLTIMA TRANSACCIÓN
campo de control 20190320202846.0
008 - DATOS DE LONGITUD FIJA--INFORMACIÓN GENERAL
campo de control de longitud fija 910925s2003----mx-ab#####---f000-0#spa-#
020 ## - NÚMERO INTERNACIONAL ESTÁNDAR DEL LIBRO
Número Internacional Estándar del Libro 9682324556
041 ## - CÓDIGO DE LENGUA
Código de lengua del texto/banda sonora o título independiente spa
044 ## - CÓDIGO DEL PAÍS DE LA ENTIDAD EDITORA/PRODUCTORA
Código MARC del país mx
050 #4 - SIGNATURA TOPOGRÁFICA DE LA BIBLIOTECA DEL CONGRESO
Número de clasificación Q115
Número de documento/Ítem .H96 2003
100 1# - ENTRADA PRINCIPAL--NOMBRE DE PERSONA
Nombre de persona Humboldt, Alexander von
Títulos y otros términos asociados al nombre 1769-1859
9 (RLIN) 199
245 10 - MENCIÓN DE TÍTULO
Título Atlas geográfico y físico del reino de la Nueva España
Mención de responsabilidad, etc. Alexander von Humboldt ; coordinadores Charles Minguet y Jaime Labastida ; asesor artístico Jean-Paul Duviols ; introducción Elías Trabulse.
260 ## - PUBLICACIÓN, DISTRIBUCIÓN, ETC.
Lugar de publicación, distribución, etc. México
Nombre del editor, distribuidor, etc. Siglo XXI
Fecha de publicación, distribución, etc. 2003
300 ## - DESCRIPCIÓN FÍSICA
Extensión 149 p.
Otras características físicas il. (principalmente a color), mapas
Dimensiones 35 cm.
500 ## - NOTA GENERAL
Nota general Traducción de : Atlas géographyque et physique du royaume de la nouvelle-espagne
500 ## - NOTA GENERAL
Nota general Donado por el Dr. Jaime Labastida Ochoa representante de la Academia Mexicana de la Lengua, 19-diciembre-2018
650 14 - PUNTO DE ACCESO ADICIONAL DE MATERIA--TÉRMINO DE MATERIA
Término de materia o nombre geográfico como elemento de entrada Mapas
Subdivisión geográfica México
9 (RLIN) 200
700 1# - PUNTO DE ACCESO ADICIONAL--NOMBRE DE PERSONA
Nombre de persona Minguet, Charles
9 (RLIN) 201
700 1# - PUNTO DE ACCESO ADICIONAL--NOMBRE DE PERSONA
Nombre de persona Labastida, Jaime
9 (RLIN) 202
700 1# - PUNTO DE ACCESO ADICIONAL--NOMBRE DE PERSONA
Nombre de persona Duviols, Jean-Paul
9 (RLIN) 203
942 ## - ELEMENTOS DE PUNTO DE ACCESO ADICIONAL (KOHA)
Fuente del sistema de clasificación o colocación Library of Congress Classification
Tipo de ítem Koha Libros
Holdings
Estado de retiro Estado de pérdida Estado dañado No para préstamo Localización permanente Ubicación/localización actual Fecha de adquisición Total de préstamos Signatura topográfica completa Código de barras Fecha visto por última vez Precio válido a partir de Tipo de ítem Koha
El ejemplar forma parte de la colección y puede ser consultado según las políticas vigentes.       Biblioteca del Museo Franz Mayer (Rogerio Casas-Alatriste) Biblioteca del Museo Franz Mayer (Rogerio Casas-Alatriste) 25/06/2008   Q115 .H96 2003 00039_1 23/03/2019 23/03/2019 Libros